Walnut: cultivation and management

Enregistré dans:
Détails bibliographiques
Auteur principal: Pradhan, Sudhir (Auteur)
Format: Livre
Langue:anglais
Publié: Nueva Delhi Biotech Books 2014
Édition:1a. ed
Sujets:
Tags: Ajouter un tag
Pas de tags, Soyez le premier à ajouter un tag!

MARC

LEADER 00000cam a2200000 a 4500
001 UCC5268
003 CL-VaPUC
008 180927e20140000ii |||||||||||||||||eng|d
020 |a 9788176223126 
082 0 4 |a 634.51  |b PRA  |2 21 
100 0 |a Pradhan, Sudhir  |e author  |9 599567 
245 1 0 |a Walnut: cultivation and management 
250 |a 1a. ed 
300 |a 194 p 
942 |c BK 
945 |d 20180927 22:58:00  |a dcastane 
260 |a Nueva Delhi  |b Biotech Books  |c 2014 
650 0 |a Árboles frutales   |9 264297 
650 0 |a Nueces   |9 264888 
583 |a last modification  |c 20180927 22:58:00  |k Rodrigo Vera 
999 |c 372523  |d 372521 
952 |0 0  |1 0  |3 erd  |4 0  |6 634_510000000000000_PRA_2014  |7 0  |8 A  |9 490202  |a BIBAGR  |b BIBAGR  |i 5504341  |l 1  |o 634.51 PRA 2014  |p 5504341  |r 2025-01-20  |s 2022-03-29  |w 2019-11-24  |y BK  |z Catalogado en:20180927  |k AGR